000 01163cam a22003491i 4500
001 18663998
003 OSt
005 20230715134147.0
008 150617s2015 ohua b 001 0 eng
010 _a 2015944286
020 _a9789355735423
040 _aDLC
_beng
_erda
_cDLC
042 _apcc
050 0 0 _aHD30.3
_b.O26 2017
082 _a658.45
_bNEW/B
100 1 _aNewman, Amy
_eauthor.
_99315
245 1 0 _aBusiness communication :
_bin person, in print, online /
_c[Amy] Newman.
250 _a10e [edition].
264 1 _aDelhi :
_bCengage Learning,
_c[2017]
300 _axix, 505 pages :
_billustrations ;
_c28 cm
336 _atext
_btxt
_2rdacontent
337 _aunmediated
_bn
_2rdamedia
338 _avolume
_bnc
_2rdacarrier
504 _aIncludes bibliographical references and index.
650 0 _aCommunication in management.
650 0 _aCommunication in organizations.
650 0 _aBusiness communication.
650 0 _aBusiness writing.
906 _a7
_bcbc
_corignew
_d3
_eepcn
_f20
_gy-gencatlg
942 _2ddc
_cBK
_h658.45
_iNEW/B
_k658.45
_mNEW/B
999 _c41845
_d41845